| 000 | 01058nam a2200277 a 4500 | ||
|---|---|---|---|
| 999 |
_c331689 _d331689 |
||
| 003 | BLK | ||
| 005 | 20230719172315.0 | ||
| 008 | 190618b bu |||||r|||| 00| 0 bu d | ||
| 020 | _a9789542722335 | ||
| 040 | _aBLK | ||
| 041 |
_aBUL _cBUL |
||
| 080 |
_aАмериканска литература (на САЩ) _b821.111(73) _x-312.9 _z821.111(73)-312.9 |
||
| 100 |
_aДауд, Сомая _eпърви автор _91299 |
||
| 139 |
_aДауд, Сомая _bД 24 |
||
| 245 |
_aМираж _cСомая Дауд ; прев. от англ. Йоана Гацова. |
||
| 260 |
_aСофия _bЕгмонт България _c2018 _9209434 _fСофия : Ропринт |
||
| 300 |
_a319 с. _bс ил. _c21 см |
||
| 380 | _aX | ||
| 500 | _aОриг. загл.: Mirage / Sumayyah Daud | ||
| 700 |
_91021 _aГацова, Йоана Пламенова _eпрев. от англ. |
||
| 852 | _aЦб 295153 | ||
| 942 |
_cKNG _n0 _s1 _06 |
||
| 944 |
_aCR _c2019-06-18 _k30530 _lМинев Младен |
||
| 999 | _d331689 | ||
| 999 | _d331689 | ||